|
|
|
|
| LEADER |
01048cam a2200241 7i4500 |
| 001 |
0000026289 |
| 005 |
20110713090000.0 |
| 022 |
0 |
0 |
|a 19851626
|
| 090 |
0 |
0 |
|a M 910.259595
|b TEL
|
| 110 |
2 |
0 |
|a Telekom Malaysia Company
|
| 245 |
2 |
0 |
|a Yellow pages 2011 :
|b Negeri Sembilan, Melaka & Johor.
|
| 260 |
0 |
0 |
|a Seri Kembangan:
|b TM Info-Media,
|c 2011.
|
| 300 |
# |
# |
|a 345 p.
|
| 650 |
0 |
0 |
|a Business --
|x Directories --
|z Johor, Malaysia
|
| 650 |
0 |
0 |
|a Business --
|x Directories --
|z Negeri Sembilan, Malaysia
|
| 650 |
0 |
0 |
|a Johor, Malaysia --
|x Telephone directories --
|x Yellow pages
|
| 650 |
0 |
0 |
|a Malacca, Malaysia --
|x Telephone directories --
|x Yellow pages
|
| 650 |
0 |
0 |
|a Negeri Sembilan, Malaysia --
|x Telephone directories --
|x Yellow pages
|
| 650 |
0 |
0 |
|a Business --
|x Directories --
|z Malacca, Malaysia
|
| 651 |
0 |
0 |
|a Malaysia
|
| 999 |
|
|
|a JHR000251H
|b Directories
|c Malaysia
|e MATRADE Southern Regional Office
|
| 999 |
|
|
|a 0000028552
|b Directories
|c Malaysia
|e Business Information Centre
|
| 999 |
|
|
|a 0000028551
|b Directories
|c Malaysia
|e Business Information Centre
|